| 000 | 00510cam a2200169 i 4500 | ||
|---|---|---|---|
| 001 | 18622775 | ||
| 005 | 20180605094001.0 | ||
| 008 | 150519s2016 enka b 001 0 eng | ||
| 020 | _a9780415738651 (hbk. : alk. paper) | ||
| 020 | _a9781315682570 (ebk.) | ||
| 040 | _cPK-LaUMT | ||
| 082 | 0 | 0 |
_a306.0954 _223 _bROU- |
| 245 | 1 | 0 |
_aRoutledge handbook of contemporary India / _cedited by Knut A. Jacobsen |
| 260 |
_aLondon : _bRoutledge, _c2016 |
||
| 300 |
_axvi, 506 p. : _billustrations ; _c26 cm |
||
| 942 | _cBK | ||
| 999 |
_c105091 _d105091 |
||